Datum a čas kvízu

37.5 Celkem bodů Celkový počet nahraných bodů na tomto kvízu bez doplňovacích otázek.
4. Pořadí na kvízu Konečné umístění týmu na tomto kvízu.

Zaznamenané odpovědi

# Otázka Odpověď Body Výsledky
1. Jiří Langmajer, Zdislava Pokor... Hejt není názor 0
2. Britská Sněmovna lordů v pátek... C 1
3. Kterému rapperovi byl zakázán... Kanyemu Westovi 1
4. Americký deník The New York Ti... bitcoin 1
5. Který úspěšný plavec se stal m... David Kratochvíl 1
6. Vaším prvním úkolem v dnešním... 1B 2D 3C 4A 0
7. Poznejte (parodii na) gangster... Někdo to rád horké (Some Like It Hot) 1
8. Bud Spencer a Terence Hill spo... v Itálii 1
9. Gangster, na kterého se ptáme,... Jabba Hutt 1
10. Uveďte jméno i příjmení postav... John Wick 0